000 00535nam a2200193Ia 4500
008 101110s9999 xx 000 0 und d
041 _aENGLISH
082 _bSR23852
100 _aMishra S.K. ,Puri V.K,
245 _aDevelopment Issues Of Indian Economy( T.Y.B.Com)
365 _b150
520 _aEconomics
546 _aENGLISH
630 _aDevelopment Issues Of Indian Economy( T.Y.B.Com)
650 _aEconomics
655 _aEconomics
730 _aDevelopment Issues Of Indian Economy( T.Y.B.Com)
942 _cBOOK
999 _c816541
_d816538